|
|
|
|
| LEADER |
00878nab a2200217 i 4500 |
| 001 |
misc26426 |
| 005 |
20191111110306.0 |
| 008 |
170907s1984 hu o 0|| zxx d |
| 040 |
|
|
|a SZTE Miscellanea Repozitórium
|b hun
|
| 041 |
|
|
|a zxx
|
| 100 |
1 |
|
|a Oláh Tibor
|
| 245 |
1 |
0 |
|a Malignus mesenchymalis gyomordaganatok sebészi kezelésének eredményei
|h [elektronikus dokumentum] /
|c Oláh Tibor
|
| 260 |
|
|
|c 1984
|
| 300 |
|
|
|a 44-45
|
| 490 |
0 |
|
|a Kolligátum
|
| 695 |
|
|
|a Sebészet - előadáskivonat, Emésztőrendszer - betegségek - előadáskivonat, Gyomorrák - előadáskivonat, Rákbetegség - előadáskivonat
|
| 700 |
0 |
1 |
|a Horváth Örs Péter
|e aut
|
| 700 |
0 |
1 |
|a Karácsonyi Mária
|e aut
|
| 700 |
0 |
1 |
|a Petri István
|e aut
|
| 710 |
|
|
|a Magyar Onkológus Kongresszus (15.) (1984) (Budapest)
|
| 856 |
4 |
0 |
|u http://misc.bibl.u-szeged.hu/26426/1/019_007_044-045.pdf
|z Dokumentum-elérés
|